000 00927cad a22002295a 4500
001 E151123
008 101004s2009 xxk f 100 0 eng d
020 _a9781842195192
035 _a(Sirsi) u151123
041 0 _aeng
100 1 _aViruly, Francois
_cProf
111 2 _aConstruction and Building Research Conference
_cUniversity of Cape Town
_d10-11 September 2009
245 0 4 _aThe transformation of the South African built environment
_ban institutional approach
_h[electronic resource]
260 _aLondon
_bRICS
_c2009
520 _aA paper presented at the COBRA Conference in Cape Town on 10-11 September 2009.
590 _aKA
650 2 4 _aCONSTRUCTION AND BUILDING RESEARCH CONFERENCE (COBRA)
651 4 _aSouth Africa
690 _aBUILT ENVIRONMENT
856 4 0 _uhttps://www.rics.org/site/scripts/download_info.aspx?fileID=5258&categoryID=524
_zView the item free of charge at www.rics.org
942 _n0
999 _c111173
_d111173